Delhi, contrasts & confluences / (Record no. 35080)

MARC details
000 -LEADER
fixed length control field 01411nam a2200313 a 4500
005 - DATE AND TIME OF LATEST TRANSACTION
control field 2010040505255.0
008 - FIXED-LENGTH DATA ELEMENTS--GENERAL INFORMATION
fixed length control field 081231s2009 ii a 000 0 eng d
010 ## - LCCN (DPL NO)
LC control number B-379451
020 ## - INTERNATIONAL STANDARD BOOK NUMBER
International Standard Book Number 9788187107637
Terms of availability 4995.00
035 ## - SYSTEM CONTROL NUMBER
System control number B-379451
035 ## - SYSTEM CONTROL NUMBER
System control number B-368616
037 ## - SOURCE OF ACQUISITION
Source of stock number/acquisition UBH
037 ## - SOURCE OF ACQUISITION
Source of stock number/acquisition UBH
040 ## - CATALOGING SOURCE
Original cataloging agency dpl
Language of cataloging English
082 ## - DEWEY DECIMAL CLASSIFICATION NUMBER
Classification number 954.16
100 ## - MAIN ENTRY--PERSONAL NAME
Personal name Rai, Raghu,
Dates associated with a name 1942-
245 ## - TITLE STATEMENT
Title Delhi, contrasts & confluences /
Statement of responsibility, etc Raghu Rai ; introduction, William Dalrymple
246 ## - VARYING FORM OF TITLE
Title proper/short title Delhi, contrasts and confluences
260 ## - PUBLICATION, DISTRIBUTION, ETC. (IMPRINT)
Place of publication, distribution, etc New Delhi
Name of publisher, distributor, etc Om Books International
Date of publication, distribution, etc c2009
300 ## - PHYSICAL DESCRIPTION
Extent 160 p. :
Other physical details chiefly col. ill.
Dimensions 32 x 42 cm.
520 ## - SUMMARY, ETC.
Summary, etc Chiefly pictorial work on Delhi, India.
651 ## - SUBJECT ADDED ENTRY--GEOGRAPHIC NAME
Geographic name Delhi (India)
Form subdivision Pictorial works.
651 ## - SUBJECT ADDED ENTRY--GEOGRAPHIC NAME
Geographic name Delhi (India)
General subdivision Social life and customs.
942 ## - ADDED ENTRY ELEMENTS (KOHA)
Source of classification or shelving scheme Dewey Decimal Classification
Item type Reference Books
Classification part 954.16
Call number suffix RAI
Holdings
Withdrawn status Lost status Source of classification or shelving scheme Damaged status Not for loan Collection code Home library Current library Date acquired Source of acquisition Cost, normal purchase price Total Checkouts Full call number Barcode Date last seen Copy number Cost, replacement price Koha item type
    Dewey Decimal Classification   Not For Loan Reference Central Library Central Library 05/04/2010 UBH/245/24.2.10/178/23.2.10/24.2.10 4995.00   954.16 RAI B-379451 05/04/2010 1 4995.00 English Books
    Dewey Decimal Classification   Not For Loan Reference Patel Nagar Patel Nagar 20/01/2028 UBH/227/28.1.2010/156/27.1.2010/28.1.2010 4995.00   954.16 RAI B-368616 06/05/2010 1 4995.00 English Books

© Delhi Public Library
Hit Counter
free hit counter